000 01290nam a22003737a 4500
005 20240530110511.0
008 151101s2011 ua a g 000 0 ara d
017 _a2011/24612
_bمصر . دار الكتب المصرية
040 _aEG-CaGPL
082 0 4 _221
_a928\
_bر أ
100 0 _aرجب محمود ابراهيم بخيت .
245 1 0 _aاعلام المؤرخين /
_cاعداد رجب محمود ابراهيم بخيت .
250 _aط1.
260 _aالقاهرة :
_bمكتبة جزيرة الورد ،
_c2011 .
300 _a559 ص ؛
_c24 سم .
600 0 _aابن عساكر .
600 0 _aالبلاذرى .
600 0 _aابن القلانسى .
600 0 _aالجاحظ .
600 0 _aابن القيم .
600 0 _aابن حزم الاندلسى .
600 0 _aالحافظ ابن كثير .
600 0 _aابن حجر العسقلانى .
600 0 _aابن خلكان .
600 0 _aالطبرى .
600 0 _aمحمد بن سعد .
600 0 _aابن الجوزى .
600 0 _aالخطيب البغدادى .
600 0 _aابن الاثير .
650 0 4 _aالمؤرخين
_vتراجم .
650 0 4 _aالرجال
_vتراجم .
942 _2ddc
_cBK
999 _c61673
_d61673